[Event "GER-chT U14"]
[Site "Magdeburg"]
[Date "2012.12.29"]
[Round "5.3"]
[White "Oberhofer, Marie"]
[Black "Michel, Richard"]
[Result "1-0"]
[WhiteElo "1426"]
[BlackElo "1450"]
[PlyCount "59"]
[EventDate "2012.12.27"]
[EventType "team-swiss"]
[EventRounds "7"]
[EventCountry "GER"]
[SourceTitle "EXT 2014"]
[Source "ChessBase"]
[SourceDate "2013.11.20"]
[SourceVersion "1"]
[SourceVersionDate "2013.11.20"]
[SourceQuality "1"]
[WhiteTeam "Regensburg Bavaria"]
[BlackTeam "Dresden Gruen Weiss"]
[WhiteTeamCountry "GER"]
[BlackTeamCountry "GER"]

1. e4 c5 2. Nf3 d6 3. d4 cxd4 4. Nxd4 Nf6 5. Nc3 g6 6. Be3 Bg7 7. f3 0-0 8. Qd2 Nc6 9. Bc4 Bd7 10. 0-0-0 Rc8 11. Bb3 Ne5 12. h4 Nc4 13. Bxc4 Rxc4 14. g4 h5 15. gxh5 Nxh5 16. Rdg1 Qa5 17. Nde2 Rfc8 18. Rg5 b5 19. Rxh5 Bxc3 20. Nxc3 gxh5 21. Rg1+ Kh7 22. Rg5 f6 23. Rxh5+ Kg6 24. Rh6+ Kf7 25. Qd5+ Be6 26. Qh5+ Kf8 27. Rh8+ Bg8 28. Qg6 e6 29. Rxg8+ Ke7 30. Qg7# 1-0

[Event "GER-chT U14"]
[Site "Magdeburg"]
[Date "2012.12.28"]
[Round "4.3"]
[White "Michel, Richard"]
[Black "Andes, Otto"]
[Result "0-1"]
[WhiteElo "1450"]
[BlackElo "1364"]
[PlyCount "100"]
[EventDate "2012.12.27"]
[EventType "team-swiss"]
[EventRounds "7"]
[EventCountry "GER"]
[SourceTitle "EXT 2014"]
[Source "ChessBase"]
[SourceDate "2013.11.20"]
[SourceVersion "1"]
[SourceVersionDate "2013.11.20"]
[SourceQuality "1"]
[WhiteTeam "Dresden Gruen Weiss"]
[BlackTeam "Guetersloh"]
[WhiteTeamCountry "GER"]
[BlackTeamCountry "GER"]

1. e4 e6 2. d4 d5 3. exd5 Qxd5 4. Nc3 Qd8 5. Bf4 c5 6. Nb5 Na6 7. dxc5 Qxd1+ 8. Rxd1 Bxc5 9. Nd6+ Bxd6 10. Bxd6 Bd7 11. Nf3 f6 12. Bc4 Rc8 13. Bb3 Nc5 14. Bxc5 Rxc5 15. 0-0 Ne7 16. Nd4 e5 17. Nf3 a5 18. a3 a4 19. Bf7+ Kxf7 20. Rxd7 Rb5 21. Rb1 Ke6 22. Rd2 Rd5 23. Rbd1 Rc8 24. Rxd5 Nxd5 25. Rd2 b5 26. Kf1 b4 27. axb4 Nxb4 28. c3 Na2 29. Re2 Nc1 30. Nd4+ Kd5 31. Nf5 Nxe2 32. Ne7+ Kc4 33. Nxc8 Nxc3 34. Nb6+ Kb3 35. Nxa4 Nxa4 36. Ke2 Nxb2 37. Kf3 Kc4 38. Ke4 g6 39. f4 Nd3 40. fxe5 Nxe5 41. h4 Kc5 42. Kf4 Kd6 43. g4 Nxg4 44. Kxg4 Ke5 45. Kg3 Ke4 46. Kg4 f5+ 47. Kg3 Ke3 48. h5 f4+ 49. Kg2 Ke2 50. hxg6 hxg6 0-1

[Event "GER-chT U14"]
[Site "Magdeburg"]
[Date "2012.12.27"]
[Round "2.3"]
[White "Michel, Richard"]
[Black "Fahsel, Nico"]
[Result "0-1"]
[WhiteElo "1450"]
[BlackElo "1499"]
[PlyCount "62"]
[EventDate "2012.12.27"]
[EventType "team-swiss"]
[EventRounds "7"]
[EventCountry "GER"]
[SourceTitle "EXT 2014"]
[Source "ChessBase"]
[SourceDate "2013.11.20"]
[SourceVersion "1"]
[SourceVersionDate "2013.11.20"]
[SourceQuality "1"]
[WhiteTeam "Dresden Gruen Weiss"]
[BlackTeam "Magdeburg USC"]
[WhiteTeamCountry "GER"]
[BlackTeamCountry "GER"]

1. e4 c5 2. Nf3 Nc6 3. d4 cxd4 4. Nxd4 g6 5. Be3 Bg7 6. Nc3 d6 7. Bc4 Nf6 8. f3 Bd7 9. Qd2 Rc8 10. Bb3 Ne5 11. 0-0-0 Nc4 12. Bxc4 Rxc4 13. Kb1 a5 14. g4 Qb8 15. Nde2 b5 16. Bh6 0-0 17. Bxg7 Kxg7 18. h4 b4 19. Nd5 Nxd5 20. exd5 Rfc8 21. Rc1 f5 22. gxf5 Bxf5 23. Nd4 Bd7 24. h5 Qb6 25. hxg6 hxg6 26. Qh6+ Kf7 27. Rcg1 Rg8 28. Qh7+ Rg7 29. Qh8 Qxd4 30. Rd1 Qf2 31. Rh7 Qxc2+ 0-1

[Event "Sachsen-ch U14"]
[Site "Sebnitz"]
[Date "2012.04.12"]
[Round "4"]
[White "Seidel, Oliver"]
[Black "Michel, Richard"]
[Result "0-1"]
[WhiteElo "1455"]
[BlackElo "1596"]
[PlyCount "56"]
[EventDate "2012.04.10"]
[EventType "swiss"]
[EventRounds "7"]
[EventCountry "GER"]
[SourceTitle "CBM 148 Extra"]
[Source "ChessBase"]
[SourceDate "2012.06.22"]
[SourceVersion "1"]
[SourceVersionDate "2012.06.22"]
[SourceQuality "1"]

1. e4 c5 2. Nc3 Nc6 3. f4 e6 4. Bc4 Nge7 5. a3 d5 6. exd5 exd5 7. Ba2 a6 8. d3 Qd6 9. Nf3 Bg4 10. 0-0 Nd4 11. Ne2 Nxf3+ 12. gxf3 Bh3 13. Re1 Qg6+ 14. Ng3 0-0-0 15. Kf2 Nf5 16. Rg1 Be7 17. Be3 Rhe8 18. Nxf5 Qxf5 19. d4 Bh4+ 20. Ke2 Rxe3+ 21. Kxe3 Re8+ 22. Kd2 Qxf4+ 23. Kc3 Re3+ 24. Qd3 Qxd4+ 25. Kd2 Rxd3+ 26. cxd3 Qf2+ 27. Kc3 Bf6+ 28. Kb3 Qxb2+ 0-1

[Event "Sachsen-ch U14"]
[Site "Sebnitz"]
[Date "2012.04.11"]
[Round "3"]
[White "Michel, Richard"]
[Black "Zimmermann, Felix"]
[Result "0-1"]
[WhiteElo "1596"]
[BlackElo "1526"]
[PlyCount "92"]
[EventDate "2012.04.10"]
[EventType "swiss"]
[EventRounds "7"]
[EventCountry "GER"]
[SourceTitle "CBM 148 Extra"]
[Source "ChessBase"]
[SourceDate "2012.06.22"]
[SourceVersion "1"]
[SourceVersionDate "2012.06.22"]
[SourceQuality "1"]

1. e4 d5 2. exd5 Nf6 3. Bb5+ Nbd7 4. d4 Nxd5 5. Nf3 c6 6. Be2 N7f6 7. c4 Nb6 8. 0-0 Bg4 9. Nc3 Bxf3 10. gxf3 e6 11. Bf4 Nh5 12. Bg3 Nxg3 13. hxg3 Be7 14. a3 0-0 15. b4 Bf6 16. Ra2 Qxd4 17. Ne4 Rad8 18. Rd2 Qe5 19. Bd3 Qc7 20. Nxf6+ gxf6 21. f4 f5 22. Qh5 f6 23. Rfd1 Qf7 24. Qh4 Rd7 25. c5 Nd5 26. Kg2 Rfd8 27. Rc1 Nxf4+ 28. Qxf4 Rxd3 29. Rxd3 Rxd3 30. Qb8+ Kg7 31. Qxa7 e5 32. a4 Qd5+ 33. Kh2 Qd7 34. Qb6 Rd2 35. Kg1 Ra2 36. Qa7 Kg6 37. a5 Qd2 38. Rf1 Qxb4 39. Qb6 Qxb6 40. axb6 Rd2 41. Ra1 Rd7 42. Ra7 Kg5 43. f3 e4 44. fxe4 fxe4 45. Kf2 Kg4 46. Ra4 f5 0-1

[Event "GER-chT U12"]
[Site "Arendsee"]
[Date "2011.12.29"]
[Round "6.3"]
[White "Michel, Richard"]
[Black "Martin, Julian"]
[Result "0-1"]
[WhiteElo "1596"]
[BlackElo "1576"]
[PlyCount "44"]
[EventDate "2011.12.27"]
[EventType "team-swiss"]
[EventRounds "7"]
[EventCountry "GER"]
[SourceTitle "EXT 2022"]
[Source "ChessBase"]
[SourceDate "2021.10.06"]
[SourceVersion "1"]
[SourceVersionDate "2021.10.06"]
[SourceQuality "1"]
[WhiteTeam "Dresden Gruen Weiss U12"]
[BlackTeam "Sasbach U12"]
[WhiteTeamCountry "GER"]
[BlackTeamCountry "GER"]

1. e4 e5 2. Nf3 Nc6 3. d4 exd4 4. Nxd4 Bc5 5. Nxc6 Qf6 6. Qe2 dxc6 7. Nc3 Bd4 8. Na4 b5 9. c3 Bxf2+ 10. Qxf2 bxa4 11. Qd4 Bd7 12. Qxa4 Qg6 13. Bf4 Nf6 14. 0-0-0 0-0 15. Bxc7 Be6 16. Bg3 Nxe4 17. Bd3 Qg5+ 18. Kb1 Nc5 19. Bxh7+ Kxh7 20. Qxc6 Rfc8 21. Qf3 Bg4 22. Qd5 Qg6+ 0-1

[Event "Sachsen-ch U12"]
[Site "Sebnitz"]
[Date "2011.04.29"]
[Round "5"]
[White "Michel, Richard"]
[Black "Phenn, Jan Niklas"]
[Result "1/2-1/2"]
[WhiteElo "1390"]
[BlackElo "1404"]
[PlyCount "107"]
[EventDate "2011.04.26"]
[EventType "swiss"]
[EventRounds "7"]
[EventCountry "GER"]
[SourceTitle "EXT 2012"]
[Source "ChessBase"]
[SourceDate "2011.11.24"]
[SourceVersion "1"]
[SourceVersionDate "2011.11.24"]
[SourceQuality "1"]

1. e4 e5 2. Nf3 Nf6 3. Nxe5 d6 4. Nf3 Nxe4 5. Nc3 Nxc3 6. dxc3 Be7 7. Qd4 0-0 8. Be3 Nc6 9. Qf4 Be6 10. 0-0-0 a5 11. Kb1 Qd7 12. h4 Rfb8 13. Bd3 b5 14. Ng5 g6 15. h5 Bxg5 16. Qxg5 Bf5 17. h6 Qe6 18. Rhe1 f6 19. Bxf5 Qxf5 20. Qxf5 gxf5 21. Bf4 Kf7 22. Re3 Rg8 23. g3 Rge8 24. Rd5 Rxe3 25. Bxe3 Rb8 26. Rxf5 Kg6 27. Rf4 Ne5 28. Kc1 Re8 29. Bd4 c5 30. Bxe5 Rxe5 31. c4 b4 32. Kd2 f5 33. Rf3 Kxh6 34. Rd3 Re6 35. Rf3 Kg5 36. c3 Kh6 37. cxb4 cxb4 38. Re3 Rxe3 39. Kxe3 Kg5 40. Ke2 f4 41. gxf4+ Kxf4 42. b3 h5 43. Kf1 Kf3 44. Kg1 h4 45. Kh2 Kxf2 46. Kh3 Kf3 47. Kxh4 Kf4 48. Kh5 Ke5 49. Kg4 d5 50. c5 d4 51. c6 Kd6 52. Kf4 Kxc6 53. Kf3 Kd5 54. Kf4 1/2-1/2

[Event "Sachsen-ch U10"]
[Site "Sebnitz"]
[Date "2009.04.16"]
[Round "4"]
[White "Michel, Richard"]
[Black "Walczak, Charley"]
[Result "1-0"]
[WhiteElo "1092"]
[BlackElo "1066"]
[PlyCount "93"]
[EventDate "2009.04.14"]
[EventType "swiss"]
[EventRounds "7"]
[EventCountry "GER"]
[SourceTitle "EXT 2010"]
[Source "ChessBase"]
[SourceDate "2010.11.25"]
[SourceVersion "1"]
[SourceVersionDate "2010.11.25"]
[SourceQuality "1"]

1. e4 c5 2. Nc3 Nc6 3. g3 g6 4. Bg2 Bg7 5. d3 Nf6 6. f4 d6 7. Nf3 Bg4 8. 0-0 Nd4 9. h3 Nxf3+ 10. Bxf3 Bxh3 11. Re1 Qd7 12. Be3 h5 13. e5 Ng4 14. exd6 Nxe3 15. Rxe3 Bd4 16. Qe2 Bxe3+ 17. Qxe3 Bg4 18. Qe5 f6 19. Qe4 Rb8 20. Qxg6+ Kd8 21. Qg7 Re8 22. Bd5 e6 23. Qxf6+ Kc8 24. Bc4 Qxd6 25. Nb5 Qb6 26. Qe5 Rd8 27. a4 Ra8 28. a5 Qc6 29. a6 Bh3 30. Kf2 Qg2+ 31. Ke1 Qxg3+ 32. Kd2 Qg2+ 33. Kc3 Qc6 34. Qg7 bxa6 35. Rxa6 Qd7 36. Qe5 Re8 37. Nd6+ Kd8 38. Nxe8 Qb7 39. Qxc5 Kxe8 40. Qxh5+ Kd8 41. Qxh3 Rb8 42. Qh8+ Kc7 43. Qg7+ Kd8 44. Qf8+ Kc7 45. Qe7+ Kc8 46. Bxe6+ Qd7 47. Qxd7# 1-0